Aleph / (Registro nro. 30901)

Detalles MARC
000 -LEADER
fixed length control field 00642nam a22002177a 4500
003 - CONTROL NUMBER IDENTIFIER
control field OSt
005 - DATE AND TIME OF LATEST TRANSACTION
control field 20250728160440.0
008 - FIXED-LENGTH DATA ELEMENTS--GENERAL INFORMATION
fixed length control field 250122b |||||||| |||| 00| 0 spa d
020 ## - INTERNATIONAL STANDARD BOOK NUMBER
International Standard Book Number 9789588618524
037 ## - SOURCE OF ACQUISITION
Source of stock number/acquisition Donación
040 ## - CATALOGING SOURCE
Original cataloging agency CO-JMCR
Language of cataloging spa
Transcribing agency CO-JMCR
Modifying agency CO-JMCR
Description conventions rda
041 01 - LANGUAGE CODE
Language code of text/sound track or separate title spa
Language code of original por
082 04 - DEWEY DECIMAL CLASSIFICATION NUMBER
Edition number 23
Classification number A-N
Item number COEa
100 1# - MAIN ENTRY--PERSONAL NAME
Personal name Coelho, Paulo,
Dates associated with a name 1947-
Relator term autor
9 (RLIN) 6578
245 10 - TITLE STATEMENT
Title Aleph /
Statement of responsibility, etc. Paulo Coelho; traducido por Pilar Obón.
260 ## - PUBLICATION, DISTRIBUTION, ETC.
Place of publication, distribution, etc. Bogotá :
Name of publisher, distributor, etc. Grijalbo,
Date of publication, distribution, etc. 2011.
300 ## - PHYSICAL DESCRIPTION
Extent 274 páginas :
Dimensions 23 cm.
500 ## - GENERAL NOTE
General note Incluye datos biográficos del autor
700 ## - ADDED ENTRY--PERSONAL NAME
Personal name Obón, Pilar
Relator term traductora
9 (RLIN) 43960
942 ## - ADDED ENTRY ELEMENTS (KOHA)
Source of classification or shelving scheme Dewey Decimal Classification
Koha item type Books
Existencias
Withdrawn status Lost status Source of classification or shelving scheme Damaged status Not for loan Collection code Home library Current library Shelving location Date acquired Source of acquisition Total Checkouts Total Renewals Full call number Barcode Date due Date last seen Date last checked out Copy number Price effective from Koha item type
    Dewey Decimal Classification     Fiction Biblioteca Pública José María del Castillo y Rada Biblioteca Pública José María del Castillo y Rada Book Cart 01/15/2025 Donación 3 1 A-N COEa 201812424 04/20/2026 03/27/2026 03/27/2026 Ej.1 01/22/2025 Books